<?xml version="1.0" encoding="UTF-8"?>
<marc:record xmlns:marc="http://www.loc.gov/MARC21/slim">
   <marc:leader>00000nam a2200000 a 4500</marc:leader>
   <marc:datafield ind1="1" ind2=" " tag="100">
      <marc:subfield code="a">Brannagh, Kenneth</marc:subfield>
      <marc:subfield code="4">aut</marc:subfield>
      <marc:subfield code="e">Verfasser/-in</marc:subfield>
   </marc:datafield>
   <marc:datafield ind1="0" ind2="0" tag="245">
      <marc:subfield code="a">Belfast</marc:subfield>
   </marc:datafield>
   <marc:datafield ind1=" " ind2="1" tag="264">
      <marc:subfield code="b">Universal Pictures</marc:subfield>
   </marc:datafield>
   <marc:datafield ind1="1" ind2=" " tag="520">
      <marc:subfield code="a">Sommer 1969 in der nordirischen Hauptstadt. Der neunjährige Buddy (Jude Hill), Sohn einer typischen Familie aus der Arbeiterklasse, liebt Kinobesuche, Matchbox-Autos und seine hingebungsvollen Großeltern, außerdem schwärmt er für eine seiner Mitschülerinnen. Doch als die
gesellschaftspolitischen Spannungen in Belfast eskalieren und es sogar in der sonst so harmonischen Nachbarschaft zu Gewaltausbrüchen kommt, findet seine idyllische Kindheit ein jähes Ende. Und während sein in England arbeitender Vater und seine besorgte Mutter die Zukunft der Familie
zu sichern versuchen, bleibt Buddy nichts anderes übrig, als langsam erwachsen zu werden - und trotzdem die Lebensfreude, das Lachen und seine von Film und Fernsehen beflügelte Fantasie nicht zu verlieren.</marc:subfield>
   </marc:datafield>
   <marc:datafield ind1="3" ind2=" " tag="024">
      <marc:subfield code="a">5053083241988</marc:subfield>
   </marc:datafield>
</marc:record>
